Sổ tay kỹ thuật thủy lợi; T4

Salvato in:
Dettagli Bibliografici
Natura: Libro
Lingua:Undetermined
Pubblicazione: Hà Nội Nông Nghiệp 1986
Soggetti:
Tags: Aggiungi Tag
Nessun Tag, puoi essere il primo ad aggiungerne! !
Thư viện lưu trữ: Trung tâm Học liệu Trường Đại học Cần Thơ
LEADER 00497nam a2200169Ia 4500
001 CTU_46264
008 210402s9999 xx 000 0 und d
082 |a 621.602 
082 |b S450/T4 
245 0 |a Sổ tay kỹ thuật thủy lợi; T4 
260 |a Hà Nội 
260 |b Nông Nghiệp 
260 |c 1986 
526 |a Công trình thủy nâng cao 
526 |b CN656 
650 |a hydraulic engineering,irrigation 
980 |a Trung tâm Học liệu Trường Đại học Cần Thơ